00379nam a2200133 a 4500008004100000020001500041050001600056100002200072245002100094246006700115260003200182300002200214350000900236120416s1985 ||||||||||||||||| || u a0905788222 aDT 8781 Der aDerricourt, Robin10aMan on the Kafue athe archaelogicy and history of the Itezhitezhi area of Zambia aLondonbEthnographicac1985 axvi, 252p. : ill. a0.00